Normal view
MARC view
Entry Personal Name
001 - CONTROL NUMBER
- control field: 84
003 - CONTROL NUMBER IDENTIFIER
- control field: BD-RjUL
005 - DATE AND TIME OF LATEST TRANSACTION
- control field: 20211209160751.0
008 - FIXED-LENGTH DATA ELEMENTS
- fixed length control field: 211209|| aca||aabn | a|a d
040 ## - CATALOGING SOURCE
- Original cataloging agency: BD-RjUL
- Transcribing agency: BD-RjUL
100 ## - HEADING--PERSONAL NAME
- Personal name: Rahman, Mujibar
- General subdivision: Biography
670 ## - SOURCE DATA FOUND
- Source citation: Work cat.: (BD-RjUL)41520: ফজল, আবুল 127596, সাংবাদিক মুজিবর রহমান /, ১৯৬৭